Catálogo público

Alternaria : (Record no. 208394)

MARC details
000 -CABECERA
campo de control de longitud fija 00935nam a2200313Ia 4500
001 - NÚMERO DE CONTROL
campo de control Para_9735
003 - IDENTIFICADOR DEL NÚMERO DE CONTROL
campo de control CHAP
008 - DATOS DE LONGITUD FIJA--INFORMACIÓN GENERAL
campo de control de longitud fija 220125s2007 xx 000 0 und d
010 ## - NÚMERO DE CONTROL DE LA BIBLIOTECA DEL CONGRESO
Número de control de LC 208394
020 ## - NÚMERO INTERNACIONAL ESTÁNDAR DEL LIBRO
Número Internacional Estándar del Libro 978-90-70351-68-7 \ 15-718859
040 ## - FUENTE DE LA CATALOGACIÓN
Centro/agencia transcriptor CHAP
082 ## - NÚMERO DE LA CLASIFICACIÓN DECIMAL DEWEY
Número de clasificación PA 632.488 S56
100 ## - ENTRADA PRINCIPAL--NOMBRE DE PERSONA
Nombre de persona Simmons, Emory G.
9 (RLIN) 174741
245 ## - MENCIÓN DE TÍTULO
Título Alternaria :
Resto del título An Indentification Manual /
Mención de responsabilidad, etc. Emory G. Simmons
260 ## - PUBLICACIÓN, DISTRIBUCIÓN, ETC.
Lugar de publicación, distribución, etc. Utrecht, The Netherlands :
Nombre del editor, distribuidor, etc. CBS Fungal Biodiversity Centre
300 ## - DESCRIPCIÓN FÍSICA
Extensión iv, 775 p.
440 ## - MENCIÓN DE SERIE/PUNTO DE ACCESO ADICIONAL--TÍTULO
Título CBS Biodiversity Series N.6
9 (RLIN) 174742
650 ## - PUNTO DE ACCESO ADICIONAL DE MATERIA--TÉRMINO DE MATERIA
Término de materia o nombre geográfico como elemento de entrada Alternaria
Subdivisión general Clasificación
9 (RLIN) 174743
650 ## - PUNTO DE ACCESO ADICIONAL DE MATERIA--TÉRMINO DE MATERIA
Término de materia o nombre geográfico como elemento de entrada Alternaria
Subdivisión general Identificación
9 (RLIN) 174744
650 ## - PUNTO DE ACCESO ADICIONAL DE MATERIA--TÉRMINO DE MATERIA
Término de materia o nombre geográfico como elemento de entrada Patógenos
9 (RLIN) 156531
650 ## - PUNTO DE ACCESO ADICIONAL DE MATERIA--TÉRMINO DE MATERIA
Término de materia o nombre geográfico como elemento de entrada Taxonomía
9 (RLIN) 174745
901 ## - ELEMENTOS DE DATOS A LOCAL LDA (RLIN)
a PA 632.488 S56
902 ## - ELEMENTOS DE DATOS B LOCAL, LDB (RLIN)
a M
905 ## - ELEMENTOS DE DATOS E LOCAL, LDE (RLIN)
a 5232202007 a 8000000000 06
910 ## - DATOS DE OPCIÓN DEL USUARIO (OCLC)
Datos de opción del usuario 2007
942 ## - ELEMENTOS DE PUNTO DE ACCESO ADICIONAL (KOHA)
Tipo de ítem Koha Parasitologia_
942 ## - ELEMENTOS DE PUNTO DE ACCESO ADICIONAL (KOHA)
Tipo de ítem Koha Parasitologia_
-- 1
Holdings
Estado de retiro Estado de pérdida Fuente del sistema de clasificación o colocación Estado dañado Restricciones de uso No para préstamo Código de colección Localización permanente Ubicación/localización actual Fecha de adquisición Número de inventario Total de préstamos Signatura topográfica completa Código de barras Fecha visto por última vez Número de copia Precio válido a partir de Tipo de ítem Koha Nota pública
    Dewey Decimal Classification   Préstamo 3 días   General Parasitologia Agricola Parasitologia Agricola 29/09/2011 (PA_09780) (No. UACh 251955)   PA 632.488 S56 4102002048 25/01/2022 Ej.2 25/01/2022 Libro 3
    Dewey Decimal Classification   Préstamo interno   General Parasitologia Agricola Parasitologia Agricola 29/09/2011 (PA_09779) (No. UACh 251956)   PA 632.488 S56 4102002047 25/01/2022 Ej.1 25/01/2022 Libro 2